[Event "Austin Spring GM"]
[Site "Austin"]
[Date "2025.06.13"]
[Round "4.5"]
[White "Kambrath, Yannick"]
[Black "Amburgy, Ryan"]
[Result "1/2-1/2"]
[WhiteElo "2389"]
[BlackElo "2332"]
[PlyCount "111"]
[EventDate "2025.06.11"]
[EventType "tourn"]
[EventRounds "9"]
[EventCountry "USA"]
[EventCategory "6"]
[SourceTitle "CB25_2025"]
[SourceDate "2025.06.18"]
[SourceVersion "1"]
[SourceVersionDate "2025.06.18"]
[SourceQuality "1"]

1. d4 Nf6 2. c4 e6 3. Nc3 Bb4 4. e3 0-0 5. Bd3 d5 6. a3 dxc4 7. Bxc4 Bxc3+ 8. bxc3 c5 9. Nf3 Qc7 10. Be2 b6 11. Bb2 Bb7 12. 0-0 Rd8 13. Re1 Nc6 14. c4 Ne7 15. Qb3 Rac8 16. a4 Bxf3 17. Bxf3 cxd4 18. Bxd4 Qxc4 19. Qb2 Ned5 20. Bxd5 Nxd5 21. Bxg7 Qc2 22. Rec1 Qxb2 23. Bxb2 f5 24. Kf1 Kf7 25. Ke2 Ke7 26. f3 a6 27. Be5 Rxc1 28. Rxc1 Rd7 29. Rc6 Rb7 30. e4 fxe4 31. fxe4 Nf6 32. Kf3 a5 33. Bc3 b5 34. axb5 Rxb5 35. g4 h5 36. h3 hxg4+ 37. hxg4 Nd7 38. Kf4 Rc5 39. Rxc5 Nxc5 40. Bxa5 Kf6 41. Bd8+ Kg6 42. Ke5 Nd3+ 43. Kd4 Nf2 44. g5 Ng4 45. Kc5 Nf2 46. Kd4 Ng4 47. Be7 Kh5 48. Kc5 Nf2 49. Kd4 Ng4 50. e5 Kg6 51. Ke4 Nf2+ 52. Kf3 Nd3 53. Ke4 Nf2+ 54. Kd4 Nh3 55. Ke3 Nxg5 56. Kf4 1/2-1/2

[Event "Titled Tuesday intern op 20th May Late"]
[Site "Chess.com INT"]
[Date "2025.05.20"]
[Round "1"]
[White "Amburgy, Ryan"]
[Black "Mihajlovskij, Sergei"]
[Result "1-0"]
[WhiteElo "2309"]
[BlackElo "2292"]
[PlyCount "75"]
[EventDate "2025.05.20"]
[EventType "swiss (blitz)"]
[EventRounds "11"]
[EventCountry "USA"]
[SourceTitle "CB22_2025"]
[SourceDate "2025.05.28"]
[SourceVersion "1"]
[SourceVersionDate "2025.05.28"]
[SourceQuality "1"]

1. Nf3 g6 2. d4 Nf6 3. c4 Bg7 4. Nc3 d6 5. e4 0-0 6. Be2 e5 7. Be3 Ng4 8. Bg5 Qd7 9. h3 Nf6 10. dxe5 dxe5 11. Nxe5 Qe6 12. Nd3 Nxe4 13. Nxe4 Qxe4 14. 0-0 Qf5 15. Bh4 Bd7 16. Qb3 Bc6 17. Rad1 Na6 18. Bg3 Rac8 19. Bg4 Qe4 20. Bf3 Qe6 21. Nf4 Qf5 22. Bxc6 bxc6 23. Qa3 Nc5 24. Qxa7 Ne4 25. b4 Nc3 26. Rd2 Ne4 27. Rd3 Nxg3 28. fxg3 g5 29. Qe3 gxf4 30. Rxf4 Qe5 31. Re4 Qa1+ 32. Kh2 Qxa2 33. Rg4 Qb2 34. Rdd4 Kh8 35. Rxg7 Kxg7 36. Qg5+ Kh8 37. Qf6+ Kg8 38. Rg4# 1-0

[Event "Titled Tuesday intern op 20th May Late"]
[Site "Chess.com INT"]
[Date "2025.05.20"]
[Round "8"]
[White "Amburgy, Ryan"]
[Black "Szpar, Milosz"]
[Result "0-1"]
[WhiteElo "2309"]
[BlackElo "2475"]
[PlyCount "70"]
[EventDate "2025.05.20"]
[EventType "swiss (blitz)"]
[EventRounds "11"]
[EventCountry "USA"]
[SourceTitle "CB22_2025"]
[SourceDate "2025.05.28"]
[SourceVersion "1"]
[SourceVersionDate "2025.05.28"]
[SourceQuality "1"]

1. d4 Nf6 2. c4 c5 3. d5 e6 4. Nc3 exd5 5. cxd5 d6 6. Nf3 g6 7. Bf4 Bg7 8. Qa4+ Bd7 9. Qb3 b5 10. Bxd6 Qb6 11. Be5 0-0 12. e3 b4 13. Nb1 Bf5 14. Nbd2 Nbd7 15. Nc4 Qd8 16. Rd1 Be4 17. Be2 Bxd5 18. 0-0 Re8 19. Bg3 Nb6 20. Qc2 Qe7 21. Nd6 Red8 22. Qxc5 Bf8 23. e4 Nxe4 24. Nxe4 Qxe4 25. Qe3 Qxe3 26. fxe3 Bxa2 27. Nd4 Bd5 28. Ba6 Bc4 29. Bxc4 Nxc4 30. Nc6 Rxd1 31. Rxd1 Nxb2 32. Rd7 Nc4 33. Rc7 b3 34. Rb7 b2 35. Ne5 Nb6 0-1

[Event "Titled Tuesday intern op 20th May Late"]
[Site "Chess.com INT"]
[Date "2025.05.20"]
[Round "10"]
[White "Klukin, Kirill"]
[Black "Amburgy, Ryan"]
[Result "1-0"]
[WhiteElo "2407"]
[BlackElo "2309"]
[PlyCount "63"]
[EventDate "2025.05.20"]
[EventType "swiss (blitz)"]
[EventRounds "11"]
[EventCountry "USA"]
[SourceTitle "CB22_2025"]
[SourceDate "2025.05.28"]
[SourceVersion "1"]
[SourceVersionDate "2025.05.28"]
[SourceQuality "1"]

1. d4 Nf6 2. Nf3 d5 3. e3 c5 4. c3 Qc7 5. Nbd2 Bg4 6. Be2 Nc6 7. 0-0 e6 8. dxc5 Bxc5 9. b4 Bd6 10. Bb2 Rd8 11. Rc1 0-0 12. a3 Ne4 13. h3 Bf5 14. c4 dxc4 15. Rxc4 Nxd2 16. Nxd2 Qe7 17. Qc1 Ne5 18. Rd4 Rc8 19. Qa1 Rc2 20. Bd1 Rc6 21. Ba4 Ra6 22. Bb5 Rb6 23. Be2 Rc8 24. Rd1 Bb8 25. Nf3 Qf6 26. R4d2 Nxf3+ 27. Bxf3 Qg5 28. Bxg7 e5 29. Bxe5 Bxh3 30. Bxb8 Rxb8 31. Rd5 Qg6 32. Rd8+ 1-0

[Event "Space Coast op 30th"]
[Site "Melbourne"]
[Date "2025.05.04"]
[Round "4"]
[White "Amburgy, Ryan"]
[Black "Atwell, Rose"]
[Result "1-0"]
[WhiteElo "2309"]
[BlackElo "2251"]
[PlyCount "93"]
[EventDate "2025.05.02"]
[EventType "swiss"]
[EventRounds "5"]
[EventCountry "USA"]
[SourceTitle "CB19_2025"]
[SourceDate "2025.05.07"]
[SourceVersion "1"]
[SourceVersionDate "2025.05.07"]
[SourceQuality "1"]

1. Nf3 Nf6 2. c4 e6 3. d4 d5 4. Nc3 Be7 5. g3 0-0 6. Bg2 c6 7. 0-0 Nbd7 8. Qd3 b6 9. e4 Ba6 10. b3 c5 11. e5 dxc4 12. bxc4 Nd5 13. Nb5 Bxb5 14. cxb5 Rc8 15. h4 Qc7 16. Bg5 c4 17. Qc2 Ba3 18. Bc1 Be7 19. Ng5 Bxg5 20. hxg5 Rfd8 21. Ba3 Nf8 22. Rac1 Qd7 23. Qb1 a6 24. bxa6 Ng6 25. Bd6 b5 26. a4 b4 27. Bxd5 exd5 28. Qxb4 Nf4 29. Qd2 Nd3 30. Rb1 Ra8 31. a5 Rxa6 32. Rb6 Qa7 33. Bc7 Rc8 34. Rfb1 g6 35. Bd6 Rxb6 36. axb6 Qb7 37. Qd1 Ra8 38. Qf3 Rc8 39. Kh2 Ra8 40. Kg1 Rc8 41. Qe2 Rc6 42. e6 Rc8 43. exf7+ Kxf7 44. Ra1 Re8 45. Qf3+ Kg8 46. Ra7 Qxb6 47. Qf7+ 1-0

[Event "North American op 34th"]
[Site "Las Vegas"]
[Date "2024.12.28"]
[Round "5"]
[White "Heimann, Mark A"]
[Black "Amburgy, Ryan"]
[Result "1-0"]
[WhiteElo "2459"]
[BlackElo "2239"]
[PlyCount "105"]
[EventDate "2024.12.26"]
[EventType "swiss"]
[EventRounds "9"]
[EventCountry "USA"]
[SourceTitle "CB02_2025"]
[SourceDate "2025.01.08"]
[SourceVersion "1"]
[SourceVersionDate "2025.01.08"]
[SourceQuality "1"]

1. e4 e5 2. Nf3 Nc6 3. Bb5 a6 4. Ba4 Nf6 5. 0-0 b5 6. Bb3 Bb7 7. d3 Be7 8. c4 bxc4 9. Bxc4 0-0 10. Nc3 d6 11. a3 Nd4 12. b4 c6 13. Nxd4 exd4 14. Ne2 d5 15. exd5 Nxd5 16. Bd2 c5 17. bxc5 Bxc5 18. Re1 Nb6 19. Bb3 Qh4 20. Ng3 Bd6 21. Bb4 Bxb4 22. axb4 Rac8 23. Ra5 g6 24. Ne4 Bxe4 25. Rxe4 Qf6 26. Rxa6 Rc3 27. g3 Qd6 28. Qb1 Kg7 29. Ba2 Qc6 30. b5 Rc1+ 31. Kg2 Qxe4+ 32. dxe4 Rxb1 33. Bxb1 Rb8 34. Ra7 Nc8 35. Rd7 Rxb5 36. Ba2 Ra5 37. Rxf7+ Kh6 38. Rc7 Rxa2 39. Rxc8 Kg5 40. Rc6 h5 41. h4+ Kh6 42. Rc7 Re2 43. Kf3 d3 44. Rc1 Rc2 45. Rd1 g5 46. hxg5+ Kxg5 47. Rxd3 Ra2 48. Rd5+ Kg6 49. Ke3 Rb2 50. f3 Rb3+ 51. Kf4 Rb6 52. g4 Rf6+ 53. Rf5 1-0

[Event "US Masters op"]
[Site "Charlotte"]
[Date "2024.11.27"]
[Round "1"]
[White "Amburgy, Ryan"]
[Black "Caruana, Fabiano"]
[Result "0-1"]
[WhiteElo "2234"]
[BlackElo "2805"]
[PlyCount "100"]
[EventDate "2024.11.27"]
[EventType "swiss"]
[EventRounds "9"]
[EventCountry "USA"]
[SourceTitle "CB49_2024"]
[SourceDate "2024.12.04"]
[SourceVersion "1"]
[SourceVersionDate "2024.12.04"]
[SourceQuality "1"]

1. d4 Nf6 2. c4 e6 3. Nf3 b6 4. g3 Bb7 5. Bg2 Be7 6. 0-0 0-0 7. Nc3 Ne4 8. Bd2 Nxd2 9. Qxd2 d6 10. d5 e5 11. Qc2 Nd7 12. Nd2 f5 13. f4 e4 14. g4 g6 15. g5 h6 16. h4 hxg5 17. hxg5 Bxg5 18. fxg5 Qxg5 19. Ndxe4 fxe4 20. Qxe4 Ne5 21. Nb5 Qe7 22. Nd4 Rae8 23. b3 Bc8 24. Rxf8+ Kxf8 25. Rf1+ Kg7 26. Qf4 Rh8 27. Qg3 Rh5 28. Rf4 Bd7 29. Kf1 a5 30. Qe3 Rh4 31. Qg3 Rh5 32. Qe3 Qg5 33. Nf3 Qg3 34. Re4 Nxf3 35. exf3 Rh2 36. Qf2 Rxg2 37. Qxg3 Rxg3 38. Kf2 Bf5 39. Kxg3 Bxe4 40. fxe4 Kf6 41. Kf4 g5+ 42. Kg4 a4 43. Kg3 axb3 44. axb3 Ke5 45. Kg4 Kxe4 46. Kxg5 b5 47. Kf6 bxc4 48. bxc4 Kd4 49. Ke6 Kxc4 50. Kd7 Kxd5 0-1

[Event "New York Fall GM-B"]
[Site "New York"]
[Date "2024.11.10"]
[Round "6"]
[White "Jacobson, Aaron"]
[Black "Amburgy, Ryan"]
[Result "1-0"]
[WhiteElo "2368"]
[BlackElo "2234"]
[PlyCount "57"]
[EventDate "2024.11.07"]
[EventType "tourn"]
[EventRounds "9"]
[EventCountry "USA"]
[EventCategory "6"]
[SourceTitle "CB45_2024"]
[Source "ChessBase"]
[SourceDate "2024.11.06"]
[SourceVersion "1"]
[SourceVersionDate "2024.11.06"]
[SourceQuality "1"]

1. d4 Nf6 2. c4 e6 3. Nf3 d5 4. Nc3 Bb4 5. Qa4+ Nc6 6. e3 0-0 7. Qc2 Re8 8. a3 Bf8 9. Bd2 a6 10. Rd1 Bd7 11. Be2 dxc4 12. Bxc4 b5 13. Bd3 g6 14. Ne4 e5 15. Nxe5 Nxe5 16. dxe5 Ng4 17. f4 Be7 18. 0-0 c5 19. Nxc5 Rc8 20. b4 Bxc5 21. bxc5 Bc6 22. h3 Nh6 23. Bc3 Qh4 24. Qf2 Qxf2+ 25. Kxf2 Red8 26. g4 Bd5 27. Ba5 Rd7 28. Be4 Rxc5 29. Bb4 1-0

[Event "New York Fall GM-B"]
[Site "New York"]
[Date "2024.11.08"]
[Round "2"]
[White "Amburgy, Ryan"]
[Black "Mendes, Aaron Reeve"]
[Result "0-1"]
[WhiteElo "2234"]
[BlackElo "2320"]
[PlyCount "66"]
[EventDate "2024.11.07"]
[EventType "tourn"]
[EventRounds "9"]
[EventCountry "USA"]
[EventCategory "6"]
[SourceTitle "CB45_2024"]
[Source "ChessBase"]
[SourceDate "2024.11.06"]
[SourceVersion "1"]
[SourceVersionDate "2024.11.06"]
[SourceQuality "1"]

1. Nf3 d5 2. d4 Nf6 3. c4 c6 4. Nc3 dxc4 5. a4 Bf5 6. Ne5 e6 7. f3 Bb4 8. e4 Bxe4 9. Nxf7 Kxf7 10. fxe4 c5 11. d5 exd5 12. exd5 Re8+ 13. Kf2 Nbd7 14. Bf4 Kg8 15. g3 Bxc3 16. bxc3 Ne4+ 17. Kg2 Qf6 18. Bxc4 g5 19. Qg4 Qxc3 20. Rhc1 Qb2+ 21. Kg1 Ndf6 22. Qf3 gxf4 23. Qxf4 Qd4+ 24. Kg2 Qd2+ 25. Qxd2 Nxd2 26. d6+ Nxc4 27. Rxc4 b6 28. Rf1 Re6 29. Rcf4 Rf8 30. Rd1 Rd8 31. d7 Kg7 32. g4 Rxd7 33. Rxf6 Re2+ 0-1

[Event "Titled Tuesday intern op 03rd Sep Late"]
[Site "Chess.com INT"]
[Date "2024.09.03"]
[Round "1"]
[White "Alvarado, Carlos"]
[Black "Amburgy, Ryan"]
[Result "1/2-1/2"]
[WhiteElo "2044"]
[BlackElo "2221"]
[PlyCount "61"]
[EventDate "2024.09.03"]
[EventType "swiss (blitz)"]
[EventRounds "11"]
[EventCountry "USA"]
[SourceTitle "EXT 2025"]
[Source "ChessBase"]
[SourceDate "2024.10.14"]
[SourceVersion "1"]
[SourceVersionDate "2024.10.14"]
[SourceQuality "1"]

1. Nf3 d5 2. b3 c5 3. e3 a6 4. Bb2 Nc6 5. d4 Bg4 6. dxc5 e6 7. Be2 Nf6 8. 0-0 Bxc5 9. Nbd2 0-0 10. c4 d4 11. exd4 Nxd4 12. Nxd4 Bxd4 13. Bxd4 Qxd4 14. Bxg4 Nxg4 15. Nf3 Qf6 16. h3 Rfd8 17. Qe2 Nh6 18. Rad1 Nf5 19. Rxd8+ Rxd8 20. Rd1 Rxd1+ 21. Qxd1 g6 22. Qd2 h5 23. c5 Qa1+ 24. Kh2 e5 25. Qd8+ Kg7 26. Qc7 Qxa2 27. Qxe5+ Kg8 28. Qb8+ Kg7 29. Qe5+ Kg8 30. Qb8+ Kg7 31. Qe5+ 1/2-1/2

[Event "Titled Tuesday intern op 27th Aug Late"]
[Site "Chess.com INT"]
[Date "2024.08.27"]
[Round "4"]
[White "Xiong, Jeffery"]
[Black "Amburgy, Ryan"]
[Result "1-0"]
[WhiteElo "2646"]
[BlackElo "2230"]
[PlyCount "149"]
[EventDate "2024.08.27"]
[EventType "swiss (blitz)"]
[EventRounds "11"]
[EventCountry "USA"]
[SourceTitle "EXT 2025"]
[Source "ChessBase"]
[SourceDate "2024.10.14"]
[SourceVersion "1"]
[SourceVersionDate "2024.10.14"]
[SourceQuality "1"]

1. d4 Nf6 2. c4 e6 3. Nc3 Bb4 4. Nf3 b6 5. e3 Bb7 6. Bd3 0-0 7. 0-0 d5 8. cxd5 exd5 9. Ne5 Be7 10. b3 c5 11. Ne2 Nc6 12. Bb2 Nb4 13. Bb1 Rc8 14. Ng3 Re8 15. a3 Nc6 16. Bd3 cxd4 17. Nxc6 Bxc6 18. Bxd4 Ne4 19. Nh5 g6 20. Nf4 Bf6 21. Ba6 Rc7 22. Rc1 Bb7 23. Rxc7 Qxc7 24. Bxb7 Qxb7 25. Bxf6 Nxf6 26. Qd4 Qe7 27. a4 Rc8 28. Nxd5 Nxd5 29. Qxd5 Rc5 30. Qa8+ Kg7 31. g3 Qe6 32. Qxa7 Qxb3 33. Qd7 Qb2 34. Qd6 Ra5 35. Qc6 Rc5 36. Qe4 Rf5 37. g4 Re5 38. Qf4 h5 39. h3 Ra5 40. Rd1 hxg4 41. hxg4 Qb3 42. Rd6 Qb2 43. Kg2 Qa1 44. Qd4+ Qxd4 45. Rxd4 Kf6 46. Rb4 Ke7 47. Kg3 Ra6 48. Kf4 f6 49. Ke4 Kd6 50. Kd4 Kc6 51. Kc4 Ra5 52. Kb3 Rg5 53. Rf4 f5 54. gxf5 gxf5 55. Kc4 Kb7 56. Kd5 Ka6 57. Ke5 Rh5 58. Rxf5 Rh4 59. Rf4 Rh5+ 60. Kf6 Kb7 61. e4 Kc7 62. e5 Kd7 63. Rg4 Rh6+ 64. Kf5 Rh5+ 65. Ke4 Rh2 66. f4 Re2+ 67. Kf5 Ra2 68. Rg6 Kc7 69. e6 Rxa4 70. Rg7+ Kd8 71. Ke5 Ra1 72. f5 b5 73. Rg8+ Kc7 74. e7 Re1+ 75. Kf6 1-0

[Event "Titled Tuesday intern op 20th Aug Late"]
[Site "Chess.com INT"]
[Date "2024.08.20"]
[Round "4"]
[White "Amburgy, Ryan"]
[Black "Jahnz, Laurin"]
[Result "1-0"]
[WhiteElo "2230"]
[BlackElo "2086"]
[PlyCount "67"]
[EventDate "2024.08.20"]
[EventType "swiss (blitz)"]
[EventRounds "11"]
[EventCountry "USA"]
[SourceTitle "EXT 2025"]
[Source "ChessBase"]
[SourceDate "2024.10.14"]
[SourceVersion "1"]
[SourceVersionDate "2024.10.14"]
[SourceQuality "1"]

1. Nf3 d5 2. d4 c5 3. c4 e6 4. cxd5 exd5 5. Nc3 Nf6 6. Bg5 Be7 7. dxc5 Be6 8. Nd4 h6 9. Bh4 Bxc5 10. e3 0-0 11. Be2 Nc6 12. Nxe6 fxe6 13. 0-0 a6 14. Rc1 Bd6 15. Bd3 Ne5 16. Bb1 Rc8 17. Bg3 Nc4 18. b3 Bxg3 19. hxg3 Nd6 20. Qd3 Qe7 21. f3 Rfd8 22. g4 b5 23. Ne2 e5 24. Qg6 Nf7 25. Ng3 Nd6 26. Bf5 Rxc1 27. Rxc1 Qa7 28. Kh2 Qxe3 29. Rc7 Nde8 30. Qf7+ Kh8 31. Qf8+ Ng8 32. Re7 Qc5 33. Rxg7 Qxf8 34. Rh7# 1-0

[Event "Titled Tuesday intern op 20th Aug Late"]
[Site "Chess.com INT"]
[Date "2024.08.20"]
[Round "8"]
[White "Amburgy, Ryan"]
[Black "Odegov, Artem"]
[Result "1-0"]
[WhiteElo "2230"]
[BlackElo "2261"]
[PlyCount "125"]
[EventDate "2024.08.20"]
[EventType "swiss (blitz)"]
[EventRounds "11"]
[EventCountry "USA"]
[SourceTitle "EXT 2025"]
[Source "ChessBase"]
[SourceDate "2024.10.14"]
[SourceVersion "1"]
[SourceVersionDate "2024.10.14"]
[SourceQuality "1"]

1. d4 Nf6 2. c4 g6 3. Nc3 Bg7 4. e4 d6 5. Nf3 0-0 6. Be2 Re8 7. Be3 Nc6 8. d5 Nb4 9. h3 e6 10. 0-0 exd5 11. exd5 Na6 12. Re1 Nc5 13. Bd4 Bf5 14. b4 Nce4 15. Nxe4 Nxe4 16. Bxg7 Kxg7 17. Bd3 Qf6 18. Qc2 h5 19. Rac1 Ng5 20. Nxg5 Bxd3 21. Qxd3 Qxg5 22. Re3 Re5 23. Rf1 Rae8 24. Rg3 Qf6 25. f4 Re1 26. Rgf3 Qb2 27. f5 R8e2 28. Rxe1 Rxe1+ 29. Rf1 Rxf1+ 30. Kxf1 Qa1+ 31. Kf2 Qxa2+ 32. Kg3 Qa1 33. fxg6 fxg6 34. Qe3 Qe5+ 35. Qxe5+ dxe5 36. Kf3 Kf6 37. Ke4 a6 38. c5 g5 39. g3 c6 40. d6 Ke6 41. g4 h4 42. d7 Kxd7 43. Kxe5 Kc7 44. Kf5 b6 45. cxb6+ Kb7 46. Kxg5 c5 47. bxc5 a5 48. Kh6 a4 49. g5 a3 50. g6 a2 51. g7 a1Q 52. g8Q Qf6+ 53. Qg6 Qf4+ 54. Kh5 Qe5+ 55. Qg5 Qe8+ 56. Kxh4 Qe4+ 57. Kg3 Qd3+ 58. Kg4 Qe4+ 59. Qf4 Qg6+ 60. Kf3 Qd3+ 61. Kf2 Qc2+ 62. Kg3 Qd3+ 63. Qf3+ 1-0

[Event "Titled Tuesday intern op 20th Aug Late"]
[Site "Chess.com INT"]
[Date "2024.08.20"]
[Round "11"]
[White "Arman, Deniz"]
[Black "Amburgy, Ryan"]
[Result "1-0"]
[WhiteElo "2348"]
[BlackElo "2230"]
[PlyCount "151"]
[EventDate "2024.08.20"]
[EventType "swiss (blitz)"]
[EventRounds "11"]
[EventCountry "USA"]
[SourceTitle "EXT 2025"]
[Source "ChessBase"]
[SourceDate "2024.10.14"]
[SourceVersion "1"]
[SourceVersionDate "2024.10.14"]
[SourceQuality "1"]

1. e4 e5 2. Nf3 Nc6 3. Bb5 a6 4. Bxc6 dxc6 5. 0-0 Qf6 6. d4 exd4 7. Bg5 Qd6 8. Nxd4 Be7 9. Be3 Nf6 10. f3 c5 11. Ne2 Be6 12. Nf4 0-0-0 13. Qe2 Bd7 14. c4 Bc6 15. Nc3 Qe5 16. Nfd5 Bd6 17. f4 Qe6 18. e5 Bxe5 19. fxe5 Qxe5 20. Rae1 Rhe8 21. Bxc5 Qxe2 22. Rxe2 Rxe2 23. Nxe2 Nxd5 24. cxd5 Rxd5 25. Bb4 f6 26. Bc3 Bb5 27. Re1 b6 28. Nf4 Rf5 29. g3 Kd7 30. Ne6 g6 31. Nd4 Rc5 32. Nxb5 axb5 33. Bxf6 Rc2 34. a3 c5 35. Bc3 b4 36. axb4 cxb4 37. Bf6 h5 38. h3 Kd6 39. g4 hxg4 40. hxg4 b5 41. g5 Rc8 42. Re7 b3 43. Re3 Rc1+ 44. Kf2 Rc2+ 45. Kf3 Rh2 46. Kg3 Rc2 47. Rxb3 Rc5 48. Rd3+ Ke6 49. Re3+ Kf5 50. Rf3+ Ke6 51. Kf4 Rc4+ 52. Ke3 Rc1 53. Rf2 b4 54. Re2 Kd5 55. Kd3 Rd1+ 56. Kc2 Rg1 57. Kb3 Rg4 58. Rd2+ Kc5 59. Rc2+ Kb5 60. Rd2 Rg3+ 61. Kc2 Ka4 62. Rd7 Rg2+ 63. Kd3 Kb3 64. Rb7 Rg1 65. Ke4 Re1+ 66. Kd5 Rf1 67. Ke6 Ka2 68. Rxb4 Re1+ 69. Kf7 Rc1 70. Rb8 Rc7+ 71. Kxg6 Rd7 72. b4 Rd6 73. b5 Ka3 74. b6 Ka4 75. b7 Rb6 76. Ra8+ 1-0

[Event "Titled Tuesday intern op 20th Aug Late"]
[Site "Chess.com INT"]
[Date "2024.08.20"]
[Round "1"]
[White "Rangel, Daniel"]
[Black "Amburgy, Ryan"]
[Result "1-0"]
[WhiteElo "2198"]
[BlackElo "2230"]
[PlyCount "61"]
[EventDate "2024.08.20"]
[EventType "swiss (blitz)"]
[EventRounds "11"]
[EventCountry "USA"]
[SourceTitle "EXT 2025"]
[Source "ChessBase"]
[SourceDate "2024.10.14"]
[SourceVersion "1"]
[SourceVersionDate "2024.10.14"]
[SourceQuality "1"]

1. b3 e5 2. Bb2 Nc6 3. Nf3 e4 4. Nd4 Nxd4 5. Bxd4 d5 6. e3 Bf5 7. c4 dxc4 8. Bxc4 Nf6 9. Nc3 h5 10. 0-0 Bd6 11. f3 Bg6 12. fxe4 Ng4 13. h3 Ne5 14. Bxe5 Bxe5 15. d4 Bf6 16. Qf3 0-0 17. e5 Bg5 18. Ne4 Bh6 19. Ng3 Qg5 20. Rae1 c6 21. a4 Rab8 22. Nf5 b5 23. axb5 cxb5 24. Bd5 Rb6 25. Nd6 Qe7 26. Qg3 h4 27. Qg4 Kh7 28. Be4 Bxe4 29. Qxe4+ Kg8 30. Nf5 Bg5 31. Nxe7+ 1-0